Science Quiz

Random Science or Elements Quiz
Score 0/12 Timer 06:00
0 Plays Today
Mixed Element Element % Correct
ExgoynOxygen
100%
AtbolcCobalt
96%
NdraoRadon
93.3%
RpcoepCopper
88%
CemyurrMercury
84%
GntroeniNitrogen
84%
LladpimuaPalladium
81.3%
DnoieiIodine
81.3%
NumariuUranium
77.3%
DrmiuiiIridium
76%
The first letter of every unscrambled element spells out:Copernicium
70.7%
PiemoruiEuropium
62.7%

You're not logged in!

Compare scores with friends on all Sporcle quizzes.
OR
Log In

Sporcle TV

Today on Sporcle TV


Watch our educational content, quiz creation guides, and fun videos on Sporcle TV.

Show Comments

Extras

Top Quizzes Today


Score Distribution

Paid Content

Your Account Isn't Verified!

In order to create a playlist on Sporcle, you need to verify the email address you used during registration. Go to your Sporcle Settings to finish the process.

Report this User

Report this user for behavior that violates our Community Guidelines.

Details: